000 00601nam a2200217Ii 4500
001 18366
003 CO-ViMGA
008 241108s9999||||xx |||||||||||||| ||und||
020 _a9806114264
040 _aCO-ViMGA
_bspa
_erda
_cCO-ViMGA
041 0 _aspa
082 0 4 _a110 M35m
100 1 _aConny Méndez
_945817
245 1 0 _aMetafísica 4 en 1
264 1 _aCaracas, Venezuela : Bienes Lacónica, 1988
300 _avolumen
336 _atext
_btxt
_2rdacontent
337 _aunmediated
_bn
_2rdamedia
338 _avolume
_bnc
_2rdacarrier
940 _aidficha_siabuc: 18029. -- ficha_no_siabuc:18366
999 _c40350
_d40350